Größte Städte Osteuropa - Statistiken

Allgemein
  • Dieses Quiz wurde 48 mal gespielt
  • Das Durchschnittsergebnis liegt bei 9 aus 20
Antwortstatistiken
Einwohner Antwort % Korrekt
13.010.000 Moskau
100%
5.602.000 Sankt Petersburg
100%
2.952.000 Kiew
98%
1.995.000 Minsk
91%
1.011.000 Odessa
56%
902.000 Donezk
51%
1.028.000 Wolgograd
44%
1.309.000 Kasan
42%
1.142.000 Rostow am Don
42%
969.000 Dnipro
38%
1.421.000 Charkiw
36%
717.000 Lwiw
36%
1.226.000 Nischni Nowgorod
33%
1.173.000 Samara
29%
1.145.000 Ufa
29%
1.554.000 Jekaterinburg
24%
1.099.000 Krasnodar
24%
1.034.000 Perm
24%
1.058.000 Woronesch
24%
901.000 Saratow
20%
Keine übereinstimmenden Quizze gefunden
Verteilung der Resultate
Anzahl Personen mit jedem Resultat
Perzentil nach korrekt beantworteten Fragen
Ihre Resultats-Entwicklung
Sie haben dieses Quiz noch nicht gespielt